000 00858cab a2200265 4500
001 WB3017-54
008 090401t1994 xxu||||| |||| 00| 0 eng d
035 _a(Sirsi) u41998
041 _aeng
245 _aChesterton flotation
260 _c1994
350 _a0
490 _aIndependent
_v4 May 1994, 30
490 _aDaily Telegraph
_v4 May 1994, 29
490 _aProperty Week
_v47(5) 5 May 1994, 15(2)
520 _aChesteron International plans a summer flotation that will value the company at more than £50m and raise an average £100,000 for 400 employee shareholders.
650 _aABOUT RICS-RICS MEMBERS
650 _aCHESTERTON INTERATIONAL
650 _aLISTED COMPANIES
650 _aLISTING
650 _aSTOCK MARKET
690 _aMANAGEMENT-BUSINESS MANAGEMENT-PROFESSIONAL PRACTICE
942 _n0
948 _c04/03/1997
999 _c26973
_d26973